| 000 | 00837nam a2200265 a 4500 | ||
|---|---|---|---|
| 001 | vtls001193394 | ||
| 003 | NLI | ||
| 005 | 20210603151055.0 | ||
| 008 | 120328s1893 xxuac f001 0 eng d | ||
| 039 | 9 |
_y201203281648 _zVLOAD |
|
| 040 |
_a NLI _b eng _c Entertech IMP - 2012 _e AACR2 |
||
| 041 | 0 | _aeng | |
| 044 | _axxu | ||
| 084 | _a168.F.13 | ||
| 100 | 1 |
_aMerindle, J. W. _9626222 |
|
| 245 | 1 | 4 |
_aThe invassion of India : _bby Alexander the great/ _cby J. W. Merindle |
| 260 |
_aWestminster : _bArchibald Constable , _c1893 |
||
| 300 |
_axv, 432 p. : _bport., ill. ; _c21 cm. |
||
| 887 | _a | ||
| 901 |
_aIMP78506 : _b10.12.2010 |
||
| 902 | _a168.F.13 | ||
| 942 |
_2ddc _cBKS |
||
| 949 |
_AVIRTUAITEM _D10000 _X100 _6IMP000078506ENG |
||
| 999 |
_aVIRTUA _c463596 _d463596 |
||
| 999 | _aVTLSSORT0080*0400*0410*0440*0840*1000*2450*2600*3000*9010*9020*9490*9991 | ||